[Event "NOE Landesliga 2016/2017"]
[Site "verschiedene in NOE"]
[Date "2017.01.22"]
[Round "5.1"]
[White "Froewis, Georg"]
[Black "Hellmayr, Alois"]
[Result "1-0"]
[WhiteElo "2449"]
[BlackElo "2252"]
[PlyCount "71"]
[EventDate "2016.10.02"]
[EventType "team"]
[EventRounds "11"]
[EventCountry "AUT"]
[WhiteTeam "SG Voest Krems"]
[BlackTeam "KSV Boehlerwerk"]

1. Nf3 Nf6 2. c4 e6 3. g3 d5 4. d4 Bb4+ 5. Bd2 Bd6 6. Bg2 O-O 7. O-O Nbd7 8.
Nc3 c6 9. e4 Nxe4 10. Nxe4 dxe4 11. Ng5 e5 12. Nxe4 Be7 13. d5 cxd5 14. cxd5
Nb6 15. Ba5 Bd6 16. a3 Re8 17. Qh5 g6 18. Qe2 Bf8 19. Rac1 f5 20. Nc5 e4 21.
Rfd1 Bd6 22. Bf1 Qe7 23. Qe3 g5 24. Bb5 f4 25. Qd4 Bg4 26. Ne6 Bxd1 27. Bc3
Nxd5 28. Qh8+ Kf7 29. Qxh7+ Kxe6 30. Qxe4+ Kf7 31. Qh7+ Ke6 32. Qg6+ Nf6 33.
Rxd1 Rg8 34. Re1+ Kd5 35. Qd3+ Kc5 36. Bd4+ 1-0

[Event "NOE Landesliga 2016/2017"]
[Site "verschiedene in NOE"]
[Date "2017.01.22"]
[Round "5.3"]
[White "Winiwarter, Felix"]
[Black "Kranzl, Peter"]
[Result "1/2-1/2"]
[WhiteElo "2101"]
[BlackElo "2162"]
[PlyCount "50"]
[EventDate "2016.10.02"]
[EventType "team"]
[EventRounds "11"]
[EventCountry "AUT"]
[WhiteTeam "SG Voest Krems"]
[BlackTeam "KSV Boehlerwerk"]

1. e4 c6 2. d4 d5 3. exd5 cxd5 4. c4 Nf6 5. Nc3 g6 6. Nf3 Bg7 7. h3 O-O 8. Bf4
Nc6 9. Be2 Be6 10. c5 Ne4 11. O-O Qa5 12. Rc1 Rac8 13. a3 b6 14. b4 Qxa3 15.
Nb5 Qxb4 16. Rb1 Qa5 17. Ra1 Qb4 18. Ra4 Nc3 19. Nxc3 Qxc3 20. Bd2 Qb2 21. Bc1
Qc3 22. Ra3 Qb4 23. Rb3 Qa5 24. Ra3 Qb4 25. Rb3 Qa5 1/2-1/2

[Event "NOE Landesliga 2016/2017"]
[Site "verschiedene in NOE"]
[Date "2017.01.22"]
[Round "5.4"]
[White "Neumann, Christian"]
[Black "Woeber, Friedrich"]
[Result "0-1"]
[WhiteElo "1997"]
[BlackElo "2116"]
[PlyCount "72"]
[EventDate "2016.10.02"]
[EventType "team"]
[EventRounds "11"]
[EventCountry "AUT"]
[WhiteTeam "KSV Boehlerwerk"]
[BlackTeam "SG Voest Krems"]

1. e4 e5 2. Nf3 f5 3. Nxe5 Qf6 4. d4 d6 5. Nc4 fxe4 6. Nc3 Qg6 7. h4 Nf6 8. h5
Qf7 9. Bg5 Be6 10. Bxf6 Bxc4 11. Bxc4 Qxc4 12. Bg5 Qe6 13. d5 Qf5 14. Qd2 h6
15. Be3 Be7 16. O-O-O Nd7 17. Nb5 Bd8 18. c4 Ne5 19. Nd4 Qf7 20. Qe2 O-O 21.
Kb1 Bf6 22. Rh3 Kh7 23. Ne6 Rfe8 24. Bd4 Kh8 25. Qxe4 c6 26. Bc3 b5 27. b3 bxc4
28. bxc4 cxd5 29. cxd5 Rab8+ 30. Ka1 Rec8 31. Bd4 Nc4 32. Nf4 Nd2 33. Qd3 Bxd4+
34. Qxd4 Rc4 35. Ng6+ Qxg6 36. Qxc4 Qb1+ 0-1

[Event "NOE Landesliga 2016/2017"]
[Site "verschiedene in NOE"]
[Date "2017.01.22"]
[Round "5.1"]
[White "Ganaus, Hannes"]
[Black "Weiss, Christian"]
[Result "1/2-1/2"]
[WhiteElo "2303"]
[BlackElo "2361"]
[PlyCount "41"]
[EventDate "2016.10.02"]
[EventType "team"]
[EventRounds "11"]
[EventCountry "AUT"]
[WhiteTeam "SK Advisory Invest Baden 2"]
[BlackTeam "SK Mostarrichi"]

1. d4 c5 2. e3 Nf6 3. Nf3 g6 4. a3 cxd4 5. exd4 Bg7 6. Bd3 O-O 7. O-O d5 8. Re1
Bf5 9. Bxf5 gxf5 10. Nbd2 e6 11. Nf1 Nc6 12. Ng3 Kh8 13. c3 Ne4 14. Nh5 Rg8 15.
Bf4 Qe7 16. Qe2 Rae8 17. Rad1 f6 18. Nh4 Qf7 19. Nxg7 Kxg7 20. g3 Kh8 21. Bc1
1/2-1/2

[Event "NOE Landesliga 2016/2017"]
[Site "verschiedene in NOE"]
[Date "2017.01.22"]
[Round "5.2"]
[White "Knoll, Hermann"]
[Black "Lendwai, Reinhard"]
[Result "1/2-1/2"]
[WhiteElo "2341"]
[BlackElo "2383"]
[PlyCount "37"]
[EventDate "2016.10.02"]
[EventType "team"]
[EventRounds "11"]
[EventCountry "AUT"]
[WhiteTeam "SK Mostarrichi"]
[BlackTeam "SK Advisory Invest Baden 2"]

1. d4 Nf6 2. Nf3 d5 3. e3 e6 4. Bd3 c5 5. c3 Nc6 6. Nbd2 Bd6 7. O-O O-O 8. b3
e5 9. dxc5 Bxc5 10. e4 Bg4 11. Bb2 Re8 12. h3 Bh5 13. Qe2 d4 14. Bb5 Qb6 15.
Bxc6 Qxc6 16. Rac1 Qd7 17. cxd4 Bxd4 18. Bxd4 exd4 19. Qd3 1/2-1/2

[Event "NOE Landesliga 2016/2017"]
[Site "verschiedene in NOE"]
[Date "2017.01.22"]
[Round "5.3"]
[White "Trippold, Denise"]
[Black "Mostbauer, Florian"]
[Result "0-1"]
[WhiteElo "2066"]
[BlackElo "2238"]
[PlyCount "50"]
[EventDate "2016.10.02"]
[EventType "team"]
[EventRounds "11"]
[EventCountry "AUT"]
[WhiteTeam "SK Advisory Invest Baden 2"]
[BlackTeam "SK Mostarrichi"]

1. d4 d5 2. c4 c6 3. Nf3 Nf6 4. e3 Bf5 5. Nc3 e6 6. Nh4 Bg4 7. Qb3 Qb6 8. h3
Bh5 9. g4 Bg6 10. Nxg6 hxg6 11. Bg2 Qa6 12. cxd5 exd5 13. g5 Nh7 14. Nxd5 Bd6
15. h4 cxd5 16. Bxd5 Nc6 17. Bxf7+ Kd8 18. Bc4 Qa5+ 19. Bd2 Bb4 20. Bxb4 Qxb4+
21. Ke2 Qe7 22. Qd3 Rc8 23. Rac1 Nf8 24. Bb5 Ne6 25. Bxc6 Nf4+ 0-1

[Event "NOE Landesliga 2016/2017"]
[Site "verschiedene in NOE"]
[Date "2017.01.22"]
[Round "5.4"]
[White "Ehs, Dominik"]
[Black "Herndlbauer, Martin"]
[Result "1/2-1/2"]
[WhiteElo "2108"]
[BlackElo "2112"]
[PlyCount "98"]
[EventDate "2016.10.02"]
[EventType "team"]
[EventRounds "11"]
[EventCountry "AUT"]
[WhiteTeam "SK Mostarrichi"]
[BlackTeam "SK Advisory Invest Baden 2"]

1. e4 d6 2. d4 Nf6 3. Nc3 e5 4. dxe5 dxe5 5. Qxd8+ Kxd8 6. Bc4 Ke8 7. Nf3 Bd6
8. Bg5 Nbd7 9. O-O-O a6 10. Nd2 c6 11. Bb3 b5 12. Rhe1 Bc5 13. Be3 Ng4 14. Bxc5
Nxc5 15. Re2 Ke7 16. h3 Nf6 17. f4 exf4 18. e5 Nh5 19. Nde4 Nxb3+ 20. cxb3 Be6
21. Rd6 Rhc8 22. Red2 Ra7 23. Nc5 Ng3 24. R6d4 g5 25. N3e4 Nxe4 26. Nxe4 h6 27.
Nf6 c5 28. Rd6 c4 29. b4 c3 30. bxc3 Rxc3+ 31. Kb2 Rc8 32. a3 a5 33. bxa5 Rxa5
34. Nd5+ Bxd5 35. R2xd5 Rca8 36. Rd3 b4 37. axb4 Ra2+ 38. Kc3 Rxg2 39. Rxh6 Rg3
40. Rhd6 Ra3+ 41. Kc4 Rxh3 42. Rd7+ Ke6 43. R3d6+ Kxe5 44. Rd5+ Kf6 45. R7d6+
Ke7 46. Rd7+ Kf8 47. Rxg5 Rac3+ 48. Kb5 f3 49. Rf5 Rh7 1/2-1/2

[Event "NOE Landesliga 2016/2017"]
[Site "verschiedene in NOE"]
[Date "2017.01.22"]
[Round "5.1"]
[White "Bauer, Thomas"]
[Black "Reinwald, Patrick"]
[Result "1/2-1/2"]
[WhiteElo "2102"]
[BlackElo "2140"]
[PlyCount "71"]
[EventDate "2016.10.02"]
[EventType "team"]
[EventRounds "11"]
[EventCountry "AUT"]
[WhiteTeam "SG Litschau/Eisgarn"]
[BlackTeam "SG Bisamberg/Korneuburg"]

1. e4 e5 2. Nf3 Nc6 3. Bc4 Nf6 4. d3 Bc5 5. a4 d6 6. c3 a6 7. Na3 Ba7 8. Qe2 h6
9. Nc2 O-O 10. O-O Re8 11. Ne3 Be6 12. Bxe6 Rxe6 13. Nf5 Ne7 14. N3h4 Nxf5 15.
Nxf5 Qd7 16. Kh1 d5 17. Qf3 Kh7 18. Qg3 Ne8 19. Qh3 dxe4 20. dxe4 Rd8 21. Bg5
f6 22. Nxh6 gxh6 23. Bxh6 Rd6 24. Qh4 Kg8 25. f4 Rd1 26. Raxd1 Qxd1 27. Re1 Qd7
28. fxe5 fxe5 29. Bg5 Ra8 30. Be7 Bf2 31. Qg5+ Kf7 32. Rf1 Qxe7 33. Qh5+ Kg8
34. Rxf2 Rd8 35. h3 Ng7 36. Qg4 1/2-1/2

[Event "NOE Landesliga 2016/2017"]
[Site "verschiedene in NOE"]
[Date "2017.01.22"]
[Round "5.2"]
[White "Sulzgruber, Robin"]
[Black "Khalakhan, Jurij"]
[Result "0-1"]
[WhiteElo "2195"]
[BlackElo "2197"]
[PlyCount "84"]
[EventDate "2016.10.02"]
[EventType "team"]
[EventRounds "11"]
[EventCountry "AUT"]
[WhiteTeam "SG Bisamberg/Korneuburg"]
[BlackTeam "SG Litschau/Eisgarn"]

1. e4 b6 2. d4 Bb7 3. Bd3 e6 4. Nf3 Nf6 5. Qe2 d5 6. e5 Nfd7 7. Bg5 Qc8 8. O-O
Ba6 9. c4 dxc4 10. Bxc4 c5 11. Bxa6 Nxa6 12. d5 Nc7 13. dxe6 Nxe6 14. Nc3 h6
15. Bh4 g5 16. Bg3 Bg7 17. Nd5 c4 18. Rfd1 Qc5 19. b4 Qc6 20. Qe4 Rc8 21. Rac1
b5 22. h4 Nb6 23. hxg5 hxg5 24. Nh2 Nxd5 25. Rxd5 O-O 26. Rcd1 Rcd8 27. Qf3
Rxd5 28. Rxd5 c3 29. Rd1 Qc4 30. Ng4 c2 31. Rc1 Nd4 32. Nf6+ Bxf6 33. Qxf6 Ne6
34. Qf5 Rc8 35. Kh2 Qc3 36. Qe4 Rc4 37. Qe3 Qxb4 38. f3 Qb2 39. Be1 Qxa2 40.
Bd2 Qb2 41. Re1 a5 42. Bc1 Qd4 0-1

[Event "NOE Landesliga 2016/2017"]
[Site "verschiedene in NOE"]
[Date "2017.01.22"]
[Round "5.3"]
[White "Wagner, Stefan"]
[Black "Wetscherek, Gerhard"]
[Result "0-1"]
[WhiteElo "2156"]
[BlackElo "2137"]
[PlyCount "66"]
[EventDate "2016.10.02"]
[EventType "team"]
[EventRounds "11"]
[EventCountry "AUT"]
[WhiteTeam "SG Litschau/Eisgarn"]
[BlackTeam "SG Bisamberg/Korneuburg"]

1. c4 Nf6 2. g3 g6 3. Bg2 Bg7 4. Nc3 d6 5. e4 e5 6. Nge2 O-O 7. O-O Nc6 8. f4
exf4 9. gxf4 Bg4 10. d4 Qd7 11. d5 Ne7 12. Be3 Rae8 13. Qd2 Bh3 14. Ng3 Bxg2
15. Kxg2 h5 16. Bd4 h4 17. e5 Nh7 18. exd6 cxd6 19. Bxg7 Kxg7 20. Nge4 Qg4+ 21.
Kh1 Nf5 22. Rae1 a6 23. Qf2 Rh8 24. b4 Nf6 25. Rg1 Ng3+ 26. Nxg3 hxg3 27. Rxg3
Rxe1+ 28. Qxe1 Qxf4 29. c5 Ng4 30. Ne4 Qxe4+ 31. Qxe4 Nf2+ 32. Kg2 Nxe4 33. Re3
f5 0-1

[Event "NOE Landesliga 2016/2017"]
[Site "verschiedene in NOE"]
[Date "2017.01.22"]
[Round "5.4"]
[White "Pammer, Andreas"]
[Black "Plasil, Jiri"]
[Result "1-0"]
[WhiteElo "2101"]
[BlackElo "2065"]
[PlyCount "77"]
[EventDate "2016.10.02"]
[EventType "team"]
[EventRounds "11"]
[EventCountry "AUT"]
[WhiteTeam "SG Bisamberg/Korneuburg"]
[BlackTeam "SG Litschau/Eisgarn"]

1. c4 e5 2. Nc3 Nc6 3. g3 d6 4. Bg2 g6 5. d3 Bg7 6. e3 Be6 7. Nge2 Qd7 8. Nd5
Nd8 9. e4 c6 10. Ne3 Bh3 11. O-O Bxg2 12. Kxg2 Ne6 13. f4 exf4 14. Nxf4 Nxf4+
15. Rxf4 h5 16. Rb1 Ne7 17. b3 Rf8 18. Bb2 Bh6 19. Rf3 O-O-O 20. Bf6 Rde8 21.
b4 Ng8 22. Bd4 b6 23. Qa4 Bxe3 24. Bxe3 f6 25. c5 dxc5 26. bxc5 b5 27. Qb3 Kb7
28. a4 a6 29. Qc3 g5 30. Ra1 Ra8 31. Raf1 Rfd8 32. d4 Qe6 33. e5 fxe5 34. Rf7+
Rd7 35. Rxd7+ Qxd7 36. dxe5 Qd5+ 37. Kg1 g4 38. Qa5 Qd8 39. Rf7+ 1-0

[Event "NOE Landesliga 2016/2017"]
[Site "verschiedene in NOE"]
[Date "2017.01.22"]
[Round "5.1"]
[White "Vyskocil, Neklan"]
[Black "Lampl, Gerald"]
[Result "1-0"]
[WhiteElo "2323"]
[BlackElo "2082"]
[PlyCount "71"]
[EventDate "2016.10.02"]
[EventType "team"]
[EventRounds "11"]
[EventCountry "AUT"]
[WhiteTeam "SK Zwettl"]
[BlackTeam "ASK Kottingbrunn"]

1. d4 Nf6 2. c4 e6 3. Nc3 Bb4 4. Qc2 O-O 5. Bg5 c5 6. dxc5 Na6 7. a3 Qa5 8. Bd2
Nxc5 9. Nf3 Bxc3 10. Bxc3 Qa4 11. Qxa4 Nxa4 12. Bxf6 gxf6 13. O-O-O Nc5 14. Nd2
a5 15. g4 d5 16. Bg2 Rd8 17. Ne4 Nxe4 18. Bxe4 Bd7 19. cxd5 Ba4 20. Rd4 Bb3 21.
d6 Rd7 22. Rg1 Rad8 23. Rg3 a4 24. Rh3 h6 25. Bc2 Bxc2 26. Kxc2 Rxd6 27. Rxd6
Rxd6 28. Rxh6 Kg7 29. Rh3 Rd4 30. Kc3 e5 31. Rd3 Re4 32. Re3 Rf4 33. f3 Kg6 34.
h4 f5 35. Rxe5 fxg4 36. Rg5+ 1-0

[Event "NOE Landesliga 2016/2017"]
[Site "verschiedene in NOE"]
[Date "2017.01.22"]
[Round "5.2"]
[White "Miazhynski, Yuri"]
[Black "Buchnicek, Petr"]
[Result "0-1"]
[WhiteElo "2081"]
[BlackElo "2310"]
[PlyCount "146"]
[EventDate "2016.10.02"]
[EventType "team"]
[EventRounds "11"]
[EventCountry "AUT"]
[WhiteTeam "ASK Kottingbrunn"]
[BlackTeam "SK Zwettl"]

1. e4 d5 2. exd5 Nf6 3. c4 c6 4. d4 cxd5 5. Nc3 g6 6. cxd5 Bg7 7. Nf3 O-O 8.
Bc4 Nbd7 9. d6 exd6 10. O-O Nb6 11. Bb3 d5 12. Re1 Bf5 13. Ne5 Rc8 14. g4 Be6
15. h3 Nfd7 16. f4 Qh4 17. Kg2 Nxe5 18. fxe5 h5 19. Bf4 hxg4 20. hxg4 Bxg4 21.
Rh1 Bh3+ 22. Rxh3 Qxf4 23. Qd3 Rfd8 24. Rf1 Qg4+ 25. Rg3 Qe6 26. Bd1 Qe7 27.
Nb5 Nc4 28. b3 a6 29. Nc3 Nb2 30. Qf3 Nxd1 31. Rxd1 Qe6 32. Rd2 b5 33. Rf2 Rd7
34. Qd3 Rdc7 35. Ne2 Rc2 36. Nf4 Rxf2+ 37. Kxf2 Qc6 38. Rf3 Bh6 39. Ne2 Bg5 40.
Qd1 Kg7 41. Qh1 Qe6 42. Rc3 Rh8 43. Qf3 Rh2+ 44. Kg1 Rh4 45. Kg2 Re4 46. Rc7
Re3 47. Nf4 Bxf4 48. Qxf4 Re4 49. Qf6+ Qxf6 50. exf6+ Kxf6 51. a4 bxa4 52. bxa4
Rxd4 53. Rc6+ Ke5 54. Rxa6 Rd2+ 55. Kf3 Ra2 56. a5 Ra4 57. Ra8 f5 58. Rg8 Ra3+
59. Ke2 Kf6 60. Ra8 g5 61. a6 Ke5 62. a7 Kf4 63. Rd8 Rxa7 64. Rxd5 Ra2+ 65. Kf1
Kg4 66. Kg1 f4 67. Rb5 f3 68. Rc5 Kf4 69. Kh1 g4 70. Rc1 g3 71. Kg1 Rg2+ 72.
Kf1 Rh2 73. Rc4+ Ke5 0-1

[Event "NOE Landesliga 2016/2017"]
[Site "verschiedene in NOE"]
[Date "2017.01.22"]
[Round "5.3"]
[White "Fiala, Vaclav"]
[Black "Haas, Bernhard"]
[Result "1-0"]
[WhiteElo "2260"]
[BlackElo "2013"]
[PlyCount "59"]
[EventDate "2016.10.02"]
[EventType "team"]
[EventRounds "11"]
[EventCountry "AUT"]
[WhiteTeam "SK Zwettl"]
[BlackTeam "ASK Kottingbrunn"]

1. e4 e6 2. d4 d5 3. Nd2 c5 4. exd5 Qxd5 5. Ngf3 cxd4 6. Bc4 Qd6 7. O-O Nf6 8.
Nb3 Nc6 9. Nbxd4 Nxd4 10. Nxd4 a6 11. c3 Qc7 12. Qe2 Bd6 13. Bg5 O-O 14. Bxf6
gxf6 15. Bd3 Qa5 16. Qe4 Qh5 17. f4 f5 18. Qe3 Kh8 19. Nxf5 Bxf4 20. Qxf4 exf5
21. Qd4+ f6 22. Rae1 Qf7 23. Qd6 Qg7 24. Re7 Qh6 25. Rfe1 b5 26. R1e3 Bb7 27.
Rh3 Rad8 28. Rxh6 Rxd6 29. Rhxh7+ Kg8 30. Reg7# 1-0

[Event "NOE Landesliga 2016/2017"]
[Site "verschiedene in NOE"]
[Date "2017.01.22"]
[Round "5.4"]
[White "Schlager, Florian"]
[Black "Zwettler, Martin"]
[Result "0-1"]
[WhiteElo "1898"]
[BlackElo "2224"]
[PlyCount "48"]
[EventDate "2016.10.02"]
[EventType "team"]
[EventRounds "11"]
[EventCountry "AUT"]
[WhiteTeam "ASK Kottingbrunn"]
[BlackTeam "SK Zwettl"]

1. f4 g6 2. Nf3 Bg7 3. e4 c5 4. d4 cxd4 5. Nxd4 Nc6 6. c3 d6 7. Bb5 Bd7 8. Qd3
Nf6 9. Bxc6 bxc6 10. O-O O-O 11. f5 e5 12. fxe6 fxe6 13. Bg5 Qb6 14. Nd2 a5 15.
Be3 Ng4 16. Nc4 Qa6 17. Rxf8+ Bxf8 18. Rd1 d5 19. exd5 cxd5 20. Na3 Qxd3 21.
Rxd3 Bxa3 22. bxa3 e5 23. Bg5 exd4 24. cxd4 Rb8 0-1

[Event "NÖ– Landesliga 2016/2017"]
[Site "?"]
[Date "2017.01.29"]
[Round "6.1"]
[White "Lampl, Gerald"]
[Black "Khalakhan, Jurij"]
[Result "0-1"]
[WhiteElo "2082"]
[BlackElo "2197"]
[PlyCount "100"]
[EventDate "2016.10.02"]

1. d4 Nf6 2. Nf3 g6 3. c4 Bg7 4. g3 O-O 5. Bg2 d6 6. O-O Nc6 7. Nc3 a6 8. d5
Na5 9. b3 c5 10. Bb2 Rb8 11. Nd2 b5 12. Qc2 e6 13. Rab1 Re8 14. e4 exd5 15.
cxd5 Bd7 16. h3 b4 17. Nd1 Bb5 18. Re1 Nxd5 19. e5 Nb6 20. Ne3 dxe5 21. Ndc4
Naxc4 22. bxc4 Ba4 23. Qe2 Qd6 24. Rbd1 Bxd1 25. Rxd1 Qc7 26. Be4 Rbd8 27. Bd5
a5 28. Qg4 a4 29. Qg5 Qc8 30. Kg2 Kf8 31. Qh4 h6 32. Ng4 Nxd5 33. cxd5 Qf5 34.
Ne3 Qd7 35. Qc4 Rc8 36. Ng4 f5 37. Ne3 Kg8 38. Qa6 Kh7 39. Nc4 Ra8 40. Qb6 Qa7
41. Qc6 Qa6 42. Qxa6 Rxa6 43. d6 e4 44. Bxg7 Kxg7 45. Rd5 a3 46. Rxc5 b3 47. d7
Rd8 48. Ne5 bxa2 49. Rc1 Re6 50. Nc4 Rc6 0-1

[Event "NÖ– Landesliga 2016/2017"]
[Site "?"]
[Date "2017.01.29"]
[Round "6.1"]
[White "Bauer, Thomas"]
[Black "Somasundram, Jayakumar"]
[Result "1-0"]
[WhiteElo "2102"]
[BlackElo "1860"]
[Annotator "Stadler,Peter"]
[PlyCount "79"]
[EventDate "2016.10.02"]

1. e4 c5 2. Nf3 Nc6 3. d4 cxd4 4. Nxd4 e5 5. Nb5 d6 6. N1c3 a6 7. Na3 Be7 8. g3
Nf6 9. Bg2 Bg4 10. Qd3 b5 11. Nd5 Nxd5 12. exd5 Na5 13. O-O Rc8 14. f4 exf4 15.
Rxf4 Bd7 16. b4 Nb7 17. Bb2 O-O 18. Be4 h6 19. Raf1 f6 20. Bh7+ Kh8 21. Bg6 Be8
22. Bf5 Bd7 23. Bg6 Be8 24. Rh4 Kg8 25. Bh7+ Kh8 26. Bf5 Bd7 27. Bg6 Be8 28.
Rff4 a5 29. Bxe8 Qxe8 30. Nxb5 axb4 31. Nd4 Nc5 32. Qf5 Na4 33. Bc1 Nc3 34. Rf1
Kg8 35. Bxh6 gxh6 36. Rxh6 Qf7 37. Rg6+ Kh8 38. Rh6+ Kg7 39. Rf4 Qxd5 40. Qg6#
1-0

[Event "NÖ– Landesliga 2016/2017"]
[Site "?"]
[Date "2017.01.29"]
[Round "6.1"]
[White "Busuioc, Alexandra"]
[Black "Wagner, Stefan"]
[Result "0-1"]
[WhiteElo "1950"]
[BlackElo "2156"]
[PlyCount "112"]
[EventDate "2016.10.02"]

1. e4 d5 2. exd5 Qxd5 3. Nc3 Qa5 4. d4 Nf6 5. Nf3 c6 6. Bc4 Bf5 7. O-O e6 8.
Bf4 Nbd7 9. a3 Nd5 10. Bxd5 cxd5 11. Ne5 Nxe5 12. Bxe5 h5 13. Qe2 Rc8 14. Rfc1
f6 15. Bg3 Kf7 16. Nb5 Qb6 17. c4 a6 18. Bc7 Rxc7 19. Nxc7 Qxc7 20. cxd5 Qd7
21. dxe6+ Bxe6 22. Re1 Bd5 23. Rac1 Bd6 24. h3 Bb8 25. Rc3 Qd6 26. g3 Qd7 27.
Re3 Qxh3 28. Re7+ Kg6 29. Qd3+ Kh6 30. Qe3+ g5 31. Re4 Re8 32. Qf3 Kg6 33. Qd3
Bxe4 34. Rxe4 Qf5 35. Re3 Qxd3 36. Rxd3 Rd8 37. d5 Be5 38. b3 Kf5 39. Kg2 Ke4
40. Rd1 g4 41. Rh1 Rxd5 42. Rxh5 Rd2 43. Rh4 f5 44. Rh7 b6 45. Re7 a5 46. Re6
Rd6 47. Re7 Rd3 48. b4 axb4 49. axb4 Rb3 50. Kf1 Rxb4 51. Ke2 Rb2+ 52. Ke1 Kd3
53. Kf1 Bd4 54. Rd7 Rxf2+ 55. Ke1 Ra2 56. Kd1 Ra1# 0-1

[Event "NÖ– Landesliga 2016/2017"]
[Site "?"]
[Date "2017.01.29"]
[Round "6.1"]
[White "Plasil, Jiri"]
[Black "Csillag, Ferenc"]
[Result "1-0"]
[WhiteElo "2065"]
[BlackElo "1861"]
[Annotator "Stadler,Peter"]
[PlyCount "79"]
[EventDate "2016.10.02"]

1. e4 e5 2. Bc4 Nf6 3. d3 Be7 4. Nc3 d6 5. h3 c6 6. Nf3 O-O 7. O-O h6 8. Bb3 a5
9. a4 Be6 10. Bxe6 fxe6 11. d4 exd4 12. Nxd4 Qd7 13. Qe2 e5 14. Nf5 d5 15.
Nxe7+ Qxe7 16. exd5 cxd5 17. b3 Re8 18. Ba3 Qf7 19. Nb5 Re6 20. c4 d4 21. f4
Nc6 22. fxe5 Rxe5 23. Qd2 Rd8 24. Rae1 Rxe1 25. Rxe1 Qg6 26. Bb2 d3 27. Bxf6
Qxf6 28. Rf1 Qe5 29. Rd1 Qf5 30. Nc3 Nd4 31. Rf1 Qg6 32. Nd5 Nxb3 33. Qc3 Rxd5
34. cxd5 Qb6+ 35. Kh1 Nc5 36. Rc1 d2 37. Qxd2 Nxa4 38. Rc8+ Kh7 39. Qc2+ g6 40.
Qxa4 1-0

[Event "NÖ– Landesliga 2016/2017"]
[Site "?"]
[Date "2017.01.29"]
[Round "6.2"]
[White "Wetscherek, Gerhard"]
[Black "Lendwai, Reinhard"]
[Result "1/2-1/2"]
[WhiteElo "2137"]
[BlackElo "2383"]
[PlyCount "89"]
[EventDate "2016.10.02"]

1. e4 c5 2. Nf3 d6 3. c3 Nf6 4. Bc4 e6 5. Qe2 Nc6 6. d4 cxd4 7. cxd4 d5 8. exd5
Nxd5 9. Nc3 Be7 10. O-O O-O 11. Rd1 b6 12. a3 Bb7 13. Nxd5 exd5 14. Ba6 Bxa6
15. Qxa6 Qd6 16. g3 f6 17. Bd2 Qd7 18. Kg2 Rac8 19. Rac1 Rfd8 20. Qb5 Ne5 21.
Qxd7 Nxd7 22. Ne1 Rc4 23. Nd3 Nb8 24. Be3 Kf7 25. h4 Nc6 26. b3 Rxc1 27. Rxc1
Rc8 28. b4 Bd6 29. Bf4 Ke6 30. b5 Ne7 31. Rxc8 Nxc8 32. a4 g6 33. f3 Ne7 34. g4
Bxf4 35. Nxf4+ Kd6 36. Kf2 g5 37. hxg5 fxg5 38. Nd3 Ng6 39. Ke3 Nf8 40. Ne5 Ne6
41. Nc6 a6 42. Ne5 axb5 43. axb5 Ke7 44. Nc6+ Kd6 45. Ne5 1/2-1/2

[Event "NÖ– Landesliga 2016/2017"]
[Site "?"]
[Date "2017.01.29"]
[Round "6.2"]
[White "Ganaus, Hannes"]
[Black "Sulzgruber, Robin"]
[Result "1/2-1/2"]
[WhiteElo "2303"]
[BlackElo "2195"]
[PlyCount "68"]
[EventDate "2016.10.02"]

1. Nf3 Nf6 2. b3 g6 3. Bb2 Bg7 4. e3 c5 5. Be2 Nc6 6. O-O O-O 7. d4 cxd4 8.
exd4 d5 9. Re1 Bf5 10. c3 Qc7 11. Nbd2 a6 12. Nf1 b5 13. Ne3 Rfd8 14. b4 Bh6
15. Nxf5 gxf5 16. a4 Rab8 17. Bd3 Ne4 18. Qe2 Qb6 19. axb5 axb5 20. Ra3 e6 21.
Bc1 Bxc1 22. Rxc1 Ra8 23. Qb2 Rxa3 24. Qxa3 Rd7 25. Re1 h6 26. Qc1 Kg7 27. Nh4
Ne7 28. Re3 Ra7 29. Bxe4 dxe4 30. Rg3+ Ng6 31. h3 Qc7 32. d5 Kh7 33. Nxg6 fxg6
34. dxe6 Qc4 1/2-1/2

[Event "NÖ– Landesliga 2016/2017"]
[Site "?"]
[Date "2017.01.29"]
[Round "6.2"]
[White "Schmidrathner, Christian"]
[Black "Juenger, Heinz"]
[Result "1-0"]
[WhiteElo "2083"]
[BlackElo "2110"]
[Annotator "Stadler,Peter"]
[PlyCount "79"]
[EventDate "2016.10.02"]

1. e4 {[%emt 0:00:00]} c6 {[%emt 0:00:00]} 2. d4 d5 3. e5 Bf5 4. Nc3 e6 5. g4
Bg6 6. Nge2 c5 7. h4 h5 8. Nf4 Bh7 9. Nxh5 Nc6 10. Bb5 cxd4 11. Qxd4 Nge7 12.
Bg5 a6 13. Bxc6+ Nxc6 14. Qf4 Qc7 15. O-O-O b5 16. Rxd5 exd5 17. Nxd5 Qxe5 18.
Nc7+ Kd7 19. Qxf7+ Ne7 20. Nxa8 Bxc2 21. Be3 Bg6 22. Rd1+ Kc6 23. Qb3 Nd5 24.
Bd4 Qe4 25. Ng3 Qb1+ 26. Kd2 Bb4+ 27. Ke2 Re8+ 28. Be3 Qc2+ 29. Qxc2+ Bxc2 30.
Rc1 Rxa8 31. Rxc2+ Kd7 32. Bd2 Be7 33. Nf5 Bf6 34. h5 Re8+ 35. Kf3 Be5 36. a3
Re6 37. Bg5 Nb6 38. Bf4 Bxf4 39. Kxf4 Nc4 40. Nxg7 1-0

[Event "NÖ– Landesliga 2016/2017"]
[Site "?"]
[Date "2017.01.29"]
[Round "6.2"]
[White "Herndlbauer, Martin"]
[Black "Seidler, Dieter"]
[Result "1/2-1/2"]
[WhiteElo "2112"]
[BlackElo "2017"]
[PlyCount "154"]
[EventDate "2016.10.02"]

1. e4 e6 2. d4 d5 3. Nc3 Bb4 4. a3 Bxc3+ 5. bxc3 c5 6. e5 Nc6 7. Qg4 Nge7 8.
Bd3 c4 9. Be2 Nf5 10. Bd2 Qh4 11. Qxh4 Nxh4 12. g3 Nf5 13. g4 Nfe7 14. a4 O-O
15. Nh3 f6 16. exf6 Rxf6 17. f4 Bd7 18. Bc1 Be8 19. O-O Bg6 20. Ra2 h6 21. Ba3
Rd8 22. Bf3 Nc8 23. Rb2 b6 24. Bg2 Nd6 25. f5 Bf7 26. Nf4 exf5 27. Nxd5 Rg6 28.
Ne3 Ne7 29. Bxd6 Rdxd6 30. gxf5 Rg5 31. Rb5 Nd5 32. Nxc4 Rc6 33. Ne5 Rxc3 34.
h4 Rxg2+ 35. Kxg2 Ne3+ 36. Kg1 Nxf1 37. Nxf7 Kxf7 38. Kxf1 Rxc2 39. a5 Rc4 40.
axb6 axb6 41. Rd5 Rc2 42. Rd6 b5 43. Ke1 Rh2 44. Rb6 Rxh4 45. Rxb5 Rxd4 46. Ke2
Kf6 47. Ke3 Rc4 48. Ra5 Rb4 49. Rc5 h5 50. Ra5 h4 51. Rc5 h3 52. Kf3 Rb3+ 53.
Kf4 h2 54. Rc6+ Ke7 55. Rc1 Rh3 56. Rh1 Kf6 57. Kg4 Rh6 58. Kf4 Rh5 59. Kg4
Rg5+ 60. Kh4 Rg2 61. Kh3 Ra2 62. Rf1 Kg5 63. Kg3 Ra5 64. Kxh2 Rxf5 65. Rg1+ Kf6
66. Ra1 g5 67. Kg3 Rf4 68. Ra5 Kg6 69. Rb5 Rc4 70. Rb3 Kh5 71. Kg2 Rd4 72. Ra3
Kg4 73. Rg3+ Kf4 74. Rf3+ Ke4 75. Rb3 Rd2+ 76. Kg3 Rd3+ 77. Rxd3 Kxd3 1/2-1/2

[Event "NÃ– Landesliga 2016/2017"]
[Site "?"]
[Date "2017.01.29"]
[Round "6.1"]
[White "Menezes, Christoph"]
[Black "Froewis, Georg"]
[Result "1/2-1/2"]
[WhiteElo "2427"]
[BlackElo "2338"]
[PlyCount "123"]
[EventDate "2016.??.??"]

1. d4 d5 2. c4 e6 3. Nf3 Nf6 4. Nc3 a6 5. cxd5 exd5 6. Bg5 Be6 7. e3 Nbd7 8.
Be2 Bd6 9. Qc2 Qe7 10. a3 h6 11. Bh4 O-O 12. O-O c6 13. Rab1 a5 14. Rfc1 Bg4
15. Na4 Qe6 16. Nc5 Bxc5 17. dxc5 Bf5 18. Bd3 Bxd3 19. Qxd3 Ne4 20. Qd4 Rfe8
21. b4 axb4 22. axb4 Ra4 23. Qd1 Ra2 24. Ra1 Rea8 25. Rxa2 Rxa2 26. Qb3 Ra8 27.
Qb2 Qe8 28. Ra1 b6 29. Nd4 bxc5 30. Nxc6 c4 31. Ne7+ Kh8 32. Nxd5 Rxa1+ 33.
Qxa1 Qe5 34. Qxe5 Nxe5 35. b5 c3 36. Nb4 Nc4 37. Kf1 Ned6 38. Ke2 Nxb5 39. Kd3
Ne5+ 40. Kc2 Kg8 41. Nd5 f6 42. Nxc3 Nxc3 43. Kxc3 Kf7 44. Bg3 Nd7 45. Kd4 f5
46. Kd5 Nf8 47. f3 Ne6 48. Bd6 h5 49. Ke5 g6 50. Bb4 Nd8 51. Bc3 Nc6+ 52. Kf4
Nd8 53. e4 Ne6+ 54. Ke5 fxe4 55. Kxe4 Nc5+ 56. Kd5 Ne6 57. Be5 Nf8 58. Bd6 Ne6
59. Ke5 Ng7 60. g4 hxg4 61. fxg4 Ne6 62. h4 1/2-1/2